| 000 | 00578nam a2200181Ia 4500 | ||
|---|---|---|---|
| 008 | 090123s9999 xx 000 0 und d | ||
| 082 | _b10715 | ||
| 100 | _aशिरवाडकर वसंत | ||
| 245 | _aमाणुस कसा झाला | ||
| 250 | _a1 | ||
| 260 |
_bपृथ्वी प्रकाशन _c1984 |
||
| 300 | _a60 | ||
| 600 | _aशिरवाडकर वसंत | ||
| 630 | _aमाणुस कसा झाला | ||
| 700 | _aशिरवाडकर वसंत | ||
| 730 | _aमाणुस कसा झाला | ||
| 942 | _cBOOK | ||
| 999 |
_c48781 _d48781 |
||